| 000 | 00381nam a22001697a 4500 | ||
|---|---|---|---|
| 003 | OSt | ||
| 005 | 20240318115837.0 | ||
| 008 | 171031b xxu||||| |||| 00| 0 eng d | ||
| 020 | _a978-8177585421 | ||
| 040 | _cSEROSOFT | ||
| 100 | _aFINAR,I L | ||
| 245 | _aORGANIC CHEMISTRY VOL-I | ||
| 250 | _a6TH | ||
| 260 |
_aDELHI _bPEARSON _c2013 |
||
| 300 | _a965 | ||
| 942 |
_2ddc _c01 _e6TH |
||
| 999 |
_c40842 _d40842 |
||